| 000 | 00485 a2200145 4500 | ||
|---|---|---|---|
| 000 | nam a22 7a 4500 | ||
| 005 | 20260109144048.0 | ||
| 020 | _a9781470476373 | ||
| 100 |
_aEisenbud, David; Harris, Joe _9863435 |
||
| 245 | _aThe Practice of Algebraic Curves: A Second Course in Algebraic Geometry | ||
| 260 |
_bAmerican Mathematical Society _c2024 |
||
| 440 |
_aGraduate Studies in Mathematics : 250 _9863436 |
||
| 490 | _aGraduate Studies in Mathematics : 250 | ||
| 942 | _cTEXL | ||
| 999 |
_c1467423 _d1467423 |
||